000 00706nam a2200241 a 4500
008
020 _a8120320484 (pbk.)
049 _aMAIN
090 0 1 _aHG4011
_bVAN
100 1 _aVan Horne, James C.
245 1 0 _aFinancial management and policy /
_cJames C. Van Horne.
250 _a12th ed.
260 _aNew Delhi :
_bPrentice Hall of India,
_cc2002.
300 _axviii, 814 p. :
_bill. ;
_c24 cm.
504 _aIncludes bibliographical references.
500 _aIncludes index.
650 _aCorporations
_xFinance.
907 _a.b10129911
_b26-09-06
_c08-07-04
003
005 20230120193557.0
040 _cNUST
942 _cBOOKS
_kHG4011
_mVAN
999 _c101589
_d101589